000
00343pab a2200145 454500
008
180718b1986 xxu||||| |||| 00| 0 eng d
100
_a
Appu, P.S.
245
_a
The decline of the Indian bureaucracy
260
_c
1986
300
_a
63-8
362
_a
March
650
_a
Bureaucracy - India
773
_a
Man and Development
909
_a
4987
999
_c
4987
_d
4987